000 00424nab a2200145Ia 4500
003 ES-SlBCS
005 20210601140810.0
008 140529s2003 xxu||||| |||| 00| 0 spa d
041 _aspa
100 1 _aCrespo, Miguel Ángel
_9247973
245 0 0 _aLo corruptor de la virtud socrática
_c Miguel Ángel Crespo
650 0 4 _aVirtud Socrática
_9156074
773 0 _tDaymon
_gnº. 30, 2003, págs. 33-38
_wRev1146
942 _cAR
999 _c650275
_d650275